01517nam a22001457a 4500999001900000008004100019100005400060245006100114260003400175300003200209520098200241773003401223942000701257952010701264 c533135d533135260427b ||||| |||| 00| 0 eng d a Vedula, Aparna C. and Chavan, Priya M. 960247 aUnified urban development control: The Maharashtra poser aEconomic & Political Weekly  a61(6), Feb 7, 2026: p.85-88 aSince 1979, Maharashtra’s urban development regulation has followed a distinctly expert-driven, technocratic trajectory, with development control regulations progressively standardised and unified to apply common development parameters promoting a radically higher intensity of spatial development across urban and rural geographies. This was institutionalised in 2020 through the Unified Development Control and Promotion Regulations, which centralise planning authority, undermine constitutionally mandated powers of local bodies, and impose a uniform paradigm of metropolitan built-form logics and high development intensities on small towns and rural settlements. Thereby, they marginalise need-based, incremental, and self-built forms of urbanisation and act as an instrument to compel the alignment of local development trajectories with global investment aspirations.-Reproduced https://www.epw.in/journal/review-urban-affairs/unified-urban-development-control.html  aEconomic & Political Weekly  cAR 00102ddc40709408307aIIPAbIIPAd2026-04-27h61(6), Feb 7, 2026: p.85-88pAR138646r2026-04-27yAR